Molecular medicine : (Record no. 612315)
[ view plain ]
| 000 -LEADER | |
|---|---|
| fixed length control field | 01556cam a22003494a 4500 |
| 001 - CONTROL NUMBER | |
| control field | 13799537 |
| 003 - CONTROL NUMBER IDENTIFIER | |
| control field | NUST |
| 005 - DATE AND TIME OF LATEST TRANSACTION | |
| control field | 20241115120341.0 |
| 008 - FIXED-LENGTH DATA ELEMENTS--GENERAL INFORMATION | |
| fixed length control field | 041123s2005 ne a b 001 0 eng |
| 010 ## - LIBRARY OF CONGRESS CONTROL NUMBER | |
| LC control number | 2004028087 |
| 020 ## - INTERNATIONAL STANDARD BOOK NUMBER | |
| International Standard Book Number | 0126990573 (alk. paper) |
| 035 ## - SYSTEM CONTROL NUMBER | |
| System control number | (DNLM)101234761 |
| 040 ## - CATALOGING SOURCE | |
| Original cataloging agency | DNLM/DLC |
| Transcribing agency | DLC |
| Modifying agency | DLC |
| 042 ## - AUTHENTICATION CODE | |
| Authentication code | pcc |
| 050 00 - LIBRARY OF CONGRESS CALL NUMBER | |
| Classification number | RB155 |
| Item number | .T728 2005 |
| 082 00 - DEWEY DECIMAL CLASSIFICATION NUMBER | |
| Classification number | 616.042 |
| Edition number | 22 |
| 100 1# - MAIN ENTRY--PERSONAL NAME | |
| Personal name | Trent, R. J. |
| 9 (RLIN) | 6338 |
| 245 10 - TITLE STATEMENT | |
| Title | Molecular medicine : |
| Remainder of title | Genomics to Personalized Health Care / |
| Statement of responsibility, etc. | Ronald J. Trent. |
| 260 ## - PUBLICATION, DISTRIBUTION, ETC. | |
| Place of publication, distribution, etc. | Amsterdam ; |
| -- | Boston : |
| Name of publisher, distributor, etc. | Elsevier Academic Press, |
| Date of publication, distribution, etc. | c2012. |
| 300 ## - PHYSICAL DESCRIPTION | |
| Extent | vii, 336 p. : |
| Other physical details | ill. ; |
| Dimensions | 24 cm. |
| 504 ## - BIBLIOGRAPHY, ETC. NOTE | |
| Bibliography, etc. note | Includes bibliographical references and index. |
| 505 0# - FORMATTED CONTENTS NOTE | |
| Formatted contents note | Genes to personalized -- Genes Environment and Inheritance -- DNA Genetic Testing -- Omics --Delivering Genetics and Genomics Direct to Consumer -- Public Health, Communicable Diseases, and Global Health -- Development Aging and Cancer -- Molecular and Cellular Therapies -- Forensic science and medicine -- Ethical, legal, and social issues. |
| 650 #0 - SUBJECT ADDED ENTRY--TOPICAL TERM | |
| Topical term or geographic name entry element | Medical genetics. |
| 9 (RLIN) | 6339 |
| 650 #0 - SUBJECT ADDED ENTRY--TOPICAL TERM | |
| Topical term or geographic name entry element | Molecular biology. |
| 650 12 - SUBJECT ADDED ENTRY--TOPICAL TERM | |
| Topical term or geographic name entry element | Genetics, Medical. |
| 9 (RLIN) | 6340 |
| 650 12 - SUBJECT ADDED ENTRY--TOPICAL TERM | |
| Topical term or geographic name entry element | Molecular Biology. |
| 700 ## - ADDED ENTRY--PERSONAL NAME | |
| Relator code | Catalouge By Rani Shaista Kanwal |
| 856 42 - ELECTRONIC LOCATION AND ACCESS | |
| Materials specified | Publisher description |
| Uniform Resource Identifier | <a href="http://www.loc.gov/catdir/enhancements/fy0617/2004028087-d.html">http://www.loc.gov/catdir/enhancements/fy0617/2004028087-d.html</a> |
| 906 ## - LOCAL DATA ELEMENT F, LDF (RLIN) | |
| a | 7 |
| b | cbc |
| c | orignew |
| d | 1 |
| e | ecip |
| f | 20 |
| g | y-gencatlg |
| 942 ## - ADDED ENTRY ELEMENTS (KOHA) | |
| Source of classification or shelving scheme | |
| Koha item type | Book |
| Withdrawn status | Lost status | Source of classification or shelving scheme | Damaged status | Not for loan | Permanent Location | Current Location | Shelving location | Date acquired | Total Checkouts | Full call number | Barcode | Date last seen | Price effective from | Koha item type |
|---|---|---|---|---|---|---|---|---|---|---|---|---|---|---|
| Atta-ur-Rahman School of Applied Biosciences (ASAB) | Atta-ur-Rahman School of Applied Biosciences (ASAB) | Book Cart | 11/15/2024 | 616.042 TRE 2012 3516 | ASAB3516 | 11/15/2024 | 11/15/2024 | Book |
